| 000 | 00434pab a2200145 454500 | ||
|---|---|---|---|
| 008 | 180718b xxu||||| |||| 00| 0 eng d | ||
| 100 | _aBhargava B.S. | ||
| 245 | _aPanchayati raj system in Orissa: problems and prospects | ||
| 362 | _a3(3-4), Jul-Sep/Oct-Dec 1993, p.190-209 | ||
| 650 | _a Village Panchayats -- India | ||
| 650 | _aPanchayat -- India -- Orissa | ||
| 700 | _aSamal Kashinath | ||
| 773 | _aISDA Journal | ||
| 909 | _a27489 | ||
| 999 |
_c27489 _d27489 |
||